[Event "GBR-ch111 Over 65"]
[Site "Liverpool"]
[Date "2025.08.04"]
[Round "1.13"]
[White "James, Geoffrey H"]
[Black "Costello, Colin A"]
[Result "1-0"]
[WhiteElo "2088"]
[BlackElo "1876"]
[PlyCount "71"]
[EventDate "2025.08.04"]
[EventType "swiss"]
[EventRounds "7"]
[EventCountry "GBR"]
[SourceTitle "BritBase"]
[Source "John Saunders"]
[SourceDate "2025.08.11"]
[SourceVersion "1"]
[SourceVersionDate "2025.08.11"]
[SourceQuality "1"]

1. e4 e5 2. Nf3 Nc6 3. Bb5 a6 4. Ba4 Nf6 5. d3 d6 6. c3 Be7 7. Nbd2 O-O 8. O-O Bg4 9. h3 Bh5 10. Re1 b5 11. Bc2 Re8 12. Nf1 d5 13. Qe2 d4 14. Ng3 Bg6 15. Nh4 Nd7 16. Nhf5 Bg5 17. Qg4 Bxc1 18. Raxc1 dxc3 19. bxc3 Nf6 20. Qf3 Ne7 21. Rcd1 c5 22. d4 cxd4 23. cxd4 Qc7 24. Bb3 exd4 25. Nh6+ gxh6 26. Qxf6 Qc6 27. Qxd4 Rad8 28. Qe3 Rxd1 29. Rxd1 Kg7 30. Qd4+ Kg8 31. f4 Qc7 32. Qd7 Qb8 33. f5 Nxf5 34. exf5 Re3 35. fxg6 Qb6 36. Qxf7+ 1-0

[Event "GBR-ch111 Over 65"]
[Site "Liverpool"]
[Date "2025.08.04"]
[Round "1.14"]
[White "Hewson, Brian Wr"]
[Black "Wilson, Edgar"]
[Result "1-0"]
[WhiteElo "2062"]
[BlackElo "1866"]
[PlyCount "141"]
[EventDate "2025.08.04"]
[EventType "swiss"]
[EventRounds "7"]
[EventCountry "GBR"]
[SourceTitle "BritBase"]
[Source "John Saunders"]
[SourceDate "2025.08.11"]
[SourceVersion "1"]
[SourceVersionDate "2025.08.11"]
[SourceQuality "1"]

1. Nf3 d5 2. g3 Nf6 3. Bg2 e6 4. c4 Be7 5. b3 O-O 6. Bb2 b6 7. O-O Bb7 8. d4 Nbd7 9. Nbd2 c5 10. cxd5 exd5 11. e3 Re8 12. Ne5 Ne4 13. Nxe4 dxe4 14. Nxd7 Qxd7 15. dxc5 Qxd1 16. Rfxd1 Bxc5 17. Rd7 Bc8 18. Rd2 Bf5 19. h3 a5 20. g4 Bg6 21. Bf1 f6 22. Rad1 Bf7 23. Bb5 Rec8 24. Bd7 Rd8 25. Bc6 Rxd2 26. Rxd2 Rc8 27. Bxe4 a4 28. bxa4 Bxa2 29. Bxf6 Bb3 30. Be5 Bxa4 31. Bf5 Re8 32. Bd4 Bxd4 33. Rxd4 Bc6 34. Rd6 Bf3 35. Rxb6 Rd8 36. Kh2 g6 37. Be6+ Kg7 38. Ra6 Be4 39. Ra7+ Kf6 40. Rd7 Rb8 41. Bd5 Bxd5 42. Rxd5 h6 43. Kg3 Rb6 44. h4 Ra6 45. Rd8 Rb6 46. Rc8 Ra6 47. Rc5 Rb6 48. f4 Ra6 49. h5 gxh5 50. Rxh5 Kg7 51. f5 Ra1 52. Kf4 Rf1+ 53. Ke5 Ra1 54. g5 hxg5 55. Rxg5+ Kf7 56. Rh5 Ra5+ 57. Kf4 Ra1 58. e4 Ra4 59. Rh7+ Kf6 60. Rh6+ Kf7 61. Rd6 Rb4 62. Ke5 Rb7 63. Rd4 Ra7 64. Kf4 Rb7 65. e5 Ra7 66. Kg5 Ra1 67. Rd7+ Ke8 68. Rb7 Ra6 69. e6 Rc6 70. Kf6 Rc8 71. Rh7 1-0

[Event "GBR-ch111 Over 65"]
[Site "Liverpool"]
[Date "2025.08.04"]
[Round "1.15"]
[White "Newton, Robert A"]
[Black "Hardman, Michael J"]
[Result "1/2-1/2"]
[WhiteElo "1851"]
[BlackElo "2057"]
[PlyCount "62"]
[EventDate "2025.08.04"]
[EventType "swiss"]
[EventRounds "7"]
[EventCountry "GBR"]
[SourceTitle "BritBase"]
[Source "John Saunders"]
[SourceDate "2025.08.11"]
[SourceVersion "1"]
[SourceVersionDate "2025.08.11"]
[SourceQuality "1"]

1. d4 Nf6 2. Nf3 d5 3. e3 c5 4. c4 cxd4 5. exd4 e6 6. Nc3 Be7 7. Bd3 O-O 8. O-O Nbd7 9. cxd5 Nxd5 10. Nxd5 exd5 11. Bf4 Nf6 12. h3 Ne4 13. Rc1 Bd6 14. Bxd6 Qxd6 15. Re1 Nf6 16. Qc2 Bd7 17. Ne5 Rac8 18. Qb3 Bc6 19. Bf5 Rc7 20. Rc3 g6 21. Bd3 Nd7 22. Nf3 Nf6 23. Qc2 Ne4 24. Bxe4 dxe4 25. Ne5 Qxd4 26. Nxc6 Rxc6 27. Rxc6 bxc6 28. Rxe4 Qd6 29. g3 Qd5 30. a4 Rb8 31. Qe2 Rd8 1/2-1/2

[Event "GBR-ch111 Over 65"]
[Site "Liverpool"]
[Date "2025.08.04"]
[Round "1.17"]
[White "Stevens, Brian"]
[Black "Surtees, Mike J"]
[Result "0-1"]
[WhiteElo "1833"]
[BlackElo "2055"]
[PlyCount "68"]
[EventDate "2025.08.04"]
[EventType "swiss"]
[EventRounds "7"]
[EventCountry "GBR"]
[SourceTitle "BritBase"]
[Source "John Saunders"]
[SourceDate "2025.08.11"]
[SourceVersion "1"]
[SourceVersionDate "2025.08.11"]
[SourceQuality "1"]

1. d4 e6 2. Nf3 d6 3. e4 h6 4. Be3 Nd7 5. Nbd2 g6 6. Bd3 Bg7 7. c3 Ne7 8. Qc2 b6 9. O-O O-O 10. Ne1 Bb7 11. f4 d5 12. e5 c5 13. dxc5 Nxc5 14. Bxc5 bxc5 15. Nef3 c4 16. Be2 Nf5 17. Rf2 Qb6 18. Nf1 h5 19. Rd1 f6 20. exf6 Bxf6 21. Nd4 Kg7 22. Nxf5+ exf5 23. Bf3 Rad8 24. Kh1 d4 25. Bxb7 d3 26. Qd2 Qxb7 27. Re1 Rfe8 28. Rxe8 Rxe8 29. Kg1 Qb6 30. Kh1 Bh4 31. g3 Qc6+ 32. Kg1 Bd8 33. b3 Bb6 34. bxc4 Re2 0-1

[Event "GBR-ch111 Over 65"]
[Site "Liverpool"]
[Date "2025.08.04"]
[Round "1.18"]
[White "Dilleigh, Stephen P"]
[Black "Phillips, William"]
[Result "1-0"]
[WhiteElo "2048"]
[BlackElo "1832"]
[PlyCount "93"]
[EventDate "2025.08.04"]
[EventType "swiss"]
[EventRounds "7"]
[EventCountry "GBR"]
[SourceTitle "BritBase"]
[Source "John Saunders"]
[SourceDate "2025.08.11"]
[SourceVersion "1"]
[SourceVersionDate "2025.08.11"]
[SourceQuality "1"]

1. Nf3 Nf6 2. c4 g6 3. Nc3 Bg7 4. e4 d6 5. d4 O-O 6. Be2 e5 7. Be3 Ng4 8. Bg5 f6 9. Bh4 Nc6 10. d5 Ne7 11. Nd2 f5 12. Bxg4 fxg4 13. Bg5 h6 14. Be3 c5 15. Rb1 g5 16. b4 b6 17. bxc5 bxc5 18. Nf1 Ng6 19. Bc1 Qf6 20. Qc2 h5 21. Ne3 h4 22. O-O Nf4 23. Qd1 h3 24. g3 Ng2 25. Nxg4 Qf3 26. Qxf3 Rxf3 27. Ne3 Nxe3 28. Bxe3 Ba6 29. Nb5 Bxb5 30. Rxb5 g4 31. Rfb1 Kh7 32. Rb7 Kg6 33. Rd7 Rf6 34. Rbb7 Bh6 35. Rh7 Bf8 36. Rxa7 Rb8 37. Rhb7 Rxb7 38. Rxb7 Bh6 39. Bxh6 Kxh6 40. Rb3 Kg5 41. a4 Rf7 42. a5 Ra7 43. Ra3 Rb7 44. Kf1 Kf6 45. a6 Ra7 46. Ke2 Ke7 47. f3 1-0

[Event "GBR-ch111 Over 65"]
[Site "Liverpool"]
[Date "2025.08.04"]
[Round "1.19"]
[White "Goodwin, Ed H"]
[Black "Jackson, Sheila"]
[Result "1/2-1/2"]
[WhiteElo "1827"]
[BlackElo "2046"]
[PlyCount "113"]
[EventDate "2025.08.04"]
[EventType "swiss"]
[EventRounds "7"]
[EventCountry "GBR"]
[SourceTitle "BritBase"]
[Source "John Saunders"]
[SourceDate "2025.08.11"]
[SourceVersion "1"]
[SourceVersionDate "2025.08.11"]
[SourceQuality "1"]

1. d4 Nf6 2. c4 e6 3. Nf3 Bb4+ 4. Nbd2 O-O 5. g3 d5 6. cxd5 exd5 7. Bg2 Nc6 8. a3 Bd6 9. O-O Re8 10. b4 a6 11. Bb2 h6 12. Rc1 Bf5 13. Nb3 Ne4 14. Nc5 Nxc5 15. dxc5 Bf8 16. Re1 Qd7 17. Qd2 Rad8 18. Rcd1 Be4 19. Qf4 Qe7 20. Nd4 Nxd4 21. Rxd4 Bxg2 22. Kxg2 g5 23. Qc1 Bg7 24. Rd2 c6 25. Bxg7 Kxg7 26. Qc3+ f6 27. Qd3 Qe4+ 28. Qxe4 Rxe4 29. Red1 Rde8 30. e3 f5 31. Rd4 Kf6 32. Rxe4 Rxe4 33. Rd3 Rc4 34. Rb3 Rc2 35. a4 g4 36. b5 axb5 37. axb5 Rxc5 38. bxc6 bxc6 39. Rb8 Rc2 40. Rh8 Kg7 41. Rd8 h5 42. Rc8 c5 43. h3 c4 44. hxg4 hxg4 45. Rd8 Rd2 46. Rc8 Kf6 47. Kf1 Ke5 48. Ke1 Ra2 49. Re8+ Kd6 50. Rc8 Rc2 51. Rf8 Ke6 52. Re8+ Kd6 53. Rf8 Ke5 54. Re8+ Kd6 55. Rf8 Ke6 56. Re8+ Kf6 57. Rf8+ 1/2-1/2

[Event "GBR-ch111 Over 65"]
[Site "Liverpool"]
[Date "2025.08.04"]
[Round "1.20"]
[White "Page, Mark Edward"]
[Black "Dennis, Nigel W"]
[Result "1-0"]
[WhiteElo "2025"]
[BlackElo "1824"]
[PlyCount "85"]
[EventDate "2025.08.04"]
[EventType "swiss"]
[EventRounds "7"]
[EventCountry "GBR"]
[SourceTitle "BritBase"]
[Source "John Saunders"]
[SourceDate "2025.08.11"]
[SourceVersion "1"]
[SourceVersionDate "2025.08.11"]
[SourceQuality "1"]

1. e4 c5 2. Nf3 d6 3. d4 cxd4 4. Qxd4 Nc6 5. Bb5 Bd7 6. Qd3 g6 7. c4 Bg7 8. O-O Nf6 9. h3 O-O 10. Nc3 a6 11. Bxc6 Bxc6 12. Nd4 Qc7 13. Be3 Rac8 14. Rac1 Qd7 15. f3 Rb8 16. b3 b5 17. Nxc6 Qxc6 18. cxb5 axb5 19. Nd5 Qe8 20. Rc7 Nxd5 21. Qxd5 b4 22. Rfc1 Bc3 23. a4 Qd8 24. Qc6 Rc8 25. Rxc8 Qxc8 26. Qxc8 Rxc8 27. Kf1 Kg7 28. Bd4+ e5 29. Bxc3 bxc3 30. Ke2 f5 31. Kd3 fxe4+ 32. fxe4 Rf8 33. Rxc3 Rf1 34. a5 Ra1 35. b4 Kf6 36. Kc4 Ra2 37. Kb5 Ke6 38. Kb6 Rxg2 39. a6 Rb2 40. b5 d5 41. a7 Ra2 42. Rc6+ Kd7 43. exd5 1-0

[Event "GBR-ch111 Over 65"]
[Site "Liverpool"]
[Date "2025.08.04"]
[Round "1.21"]
[White "Hall, Alan A"]
[Black "Dawson, Jeff R"]
[Result "0-1"]
[WhiteElo "1824"]
[BlackElo "2024"]
[PlyCount "121"]
[EventDate "2025.08.04"]
[EventType "swiss"]
[EventRounds "7"]
[EventCountry "GBR"]
[SourceTitle "BritBase"]
[Source "John Saunders"]
[SourceDate "2025.08.11"]
[SourceVersion "1"]
[SourceVersionDate "2025.08.11"]
[SourceQuality "1"]

1. d4 e6 2. Nf3 Nf6 3. e3 b6 4. Bd3 Bb7 5. Nbd2 d5 6. O-O Be7 7. Ne5 O-O 8. Ndf3 Ne4 9. h3 f6 10. Ng4 Nd7 11. c4 Qe8 12. Qc2 Bd6 13. a3 Kh8 14. b4 h5 15. Ngh2 c5 16. Rb1 cxb4 17. axb4 f5 18. c5 Be7 19. c6 Bxc6 20. Qxc6 Rc8 21. Qb7 a5 22. Bb5 Nd6 23. Qxd7 Nxb5 24. Qxe8 Rfxe8 25. bxa5 Nc3 26. Ra1 bxa5 27. Bd2 Bb4 28. Ne5 Ne2+ 29. Kh1 Bxd2 30. Nf7+ Kg8 31. Nd6 Bb4 32. Nxe8 Rxe8 33. Nf3 f4 34. Ra2 Nc3 35. Rc2 fxe3 36. fxe3 Ne4 37. Kg1 a4 38. Rfc1 Kh7 39. Ne5 Bd2 40. Rxd2 Nxd2 41. Ra1 Ra8 42. Ra2 Ne4 43. Ra3 Nd6 44. Kf1 Nb5 45. Ra2 a3 46. Ke1 Nc3 47. Ra1 Nb5 48. Nd3 Kg6 49. Kd2 Kg5 50. g3 h4 51. g4 Rf8 52. Ke2 Rc8 53. Nc5 Kf6 54. Kf3 g5 55. Ra2 Ke7 56. Kf2 e5 57. Nb3 Rc3 58. Nd2 exd4 59. exd4 Rxh3 60. Nf3 Nxd4 61. Ke1 0-1

[Event "GBR-ch111 Over 65"]
[Site "Liverpool"]
[Date "2025.08.04"]
[Round "1.22"]
[White "Hughes, Roy"]
[Black "Pugh, Glyn D"]
[Result "1-0"]
[WhiteElo "2019"]
[BlackElo "1824"]
[PlyCount "85"]
[EventDate "2025.08.04"]
[EventType "swiss"]
[EventRounds "7"]
[EventCountry "GBR"]
[SourceTitle "BritBase"]
[Source "John Saunders"]
[SourceDate "2025.08.11"]
[SourceVersion "1"]
[SourceVersionDate "2025.08.11"]
[SourceQuality "1"]

1. d4 Nf6 2. Bf4 d6 3. Nf3 g6 4. Nbd2 Bf5 5. h3 c6 6. e3 Bg7 7. Be2 O-O 8. O-O Re8 9. c3 h6 10. Bh2 Nbd7 11. Nh4 Be6 12. e4 Nf8 13. Re1 Bc8 14. Nhf3 N6d7 15. Qb3 b5 16. Rad1 a6 17. Qc2 Qb6 18. Bf1 e5 19. dxe5 dxe5 20. c4 c5 21. a3 Ne6 22. b4 cxb4 23. axb4 bxc4 24. Qxc4 Bb7 25. Qb3 Nd4 26. Nxd4 exd4 27. Nc4 Qe6 28. Nd2 Qxb3 29. Nxb3 Bxe4 30. Nxd4 Bf8 31. b5 Bb4 32. Re2 Nb6 33. bxa6 Nd5 34. Nb5 Nc3 35. Nxc3 Bxc3 36. Rc1 Bg7 37. Bg3 f5 38. f3 Bd4+ 39. Bf2 Bxf2+ 40. Kxf2 Bd5 41. Rxe8+ Rxe8 42. Bc4 Bxc4 43. Rxc4 1-0

[Event "GBR-ch111 Over 65"]
[Site "Liverpool"]
[Date "2025.08.04"]
[Round "1.23"]
[White "Mak, Janos"]
[Black "Hutchinson, Paul A"]
[Result "0-1"]
[WhiteElo "1804"]
[BlackElo "2019"]
[PlyCount "85"]
[EventDate "2025.08.04"]
[EventType "swiss"]
[EventRounds "7"]
[EventCountry "GBR"]
[SourceTitle "BritBase"]
[Source "John Saunders"]
[SourceDate "2025.08.11"]
[SourceVersion "1"]
[SourceVersionDate "2025.08.11"]
[SourceQuality "1"]

1. e4 d6 2. d4 Nf6 3. Nc3 c6 4. h3 Qa5 5. Bd3 e5 6. dxe5 dxe5 7. Nf3 h6 8. a3 Be6 9. Bd2 Qc7 10. Qe2 Nbd7 11. Bc4 Nc5 12. b4 Bxc4 13. Qxc4 b5 14. Qe2 Ne6 15. Be3 a5 16. O-O Be7 17. Bd2 axb4 18. axb4 O-O 19. Rab1 Rfd8 20. Nd1 Nd4 21. Nxd4 Rxd4 22. f3 Nh5 23. Qf2 Qd8 24. Bc3 Bh4 25. Qe3 Bg5 26. Qf2 Rd7 27. Bxe5 Rd2 28. Qc5 f6 29. Bh2 Ra2 30. Qxc6 Raxc2 31. Qe6+ Kh8 32. Qg4 Bf4 33. Bxf4 Rxg2+ 34. Qxg2 Rxg2+ 35. Kxg2 Nxf4+ 36. Kg3 Qd6 37. Ne3 Nh5+ 38. Kf2 Qd2+ 39. Kg1 Qxe3+ 40. Kg2 Qg5+ 41. Kf2 Qd2+ 42. Kg1 Nf4 43. Ra1 0-1

[Event "GBR-ch111 Over 65"]
[Site "Liverpool"]
[Date "2025.08.04"]
[Round "1.24"]
[White "Moore, Geoffrey R"]
[Black "Erdogan, Hassan"]
[Result "1/2-1/2"]
[WhiteElo "1996"]
[BlackElo "1792"]
[PlyCount "147"]
[EventDate "2025.08.04"]
[EventType "swiss"]
[EventRounds "7"]
[EventCountry "GBR"]
[SourceTitle "BritBase"]
[Source "John Saunders"]
[SourceDate "2025.08.11"]
[SourceVersion "1"]
[SourceVersionDate "2025.08.11"]
[SourceQuality "1"]

1. e4 d6 2. d4 Nd7 3. Nc3 e5 4. Nge2 Ngf6 5. g3 Be7 6. Bg2 O-O 7. O-O c6 8. a4 a5 9. h3 Qc7 10. g4 Rd8 11. Ng3 Bf8 12. g5 Ne8 13. Nce2 g6 14. Be3 Bg7 15. h4 exd4 16. Bxd4 Nf8 17. Kh1 Ne6 18. Bxg7 N6xg7 19. f4 Bg4 20. Qd2 Nh5 21. Nxh5 Bxh5 22. Bh3 d5 23. e5 Bxe2 24. Qxe2 Ng7 25. Bg4 Re8 26. h5 Nxh5 27. Bxh5 gxh5 28. Qxh5 Qd7 29. f5 Rxe5 30. f6 d4 31. Rf3 Qd5 32. Rg1 Rf5 33. Rgg3 Rxf3 34. Rxf3 Qe4 35. Kh2 Qxc2+ 36. Kg3 Qg6 37. Qg4 d3 38. Qd4 h6 39. Rxd3 hxg5 40. Re3 Qf5 41. Re5 Qf4+ 42. Qxf4 gxf4+ 43. Kxf4 Rd8 44. Re7 b5 45. axb5 cxb5 46. Re5 Rd4+ 47. Kf5 Rb4 48. Re2 a4 49. Re8+ Kh7 50. Re2 Rc4 51. Rh2+ Kg8 52. Rg2+ Kf8 53. Rd2 Rc8 54. Rd5 Rb8 55. Kg5 b4 56. Rd4 Ke8 57. Kf5 a3 58. bxa3 b3 59. Rd1 b2 60. Rb1 Kd7 61. a4 Rb4 62. Kg5 Ke6 63. Re1+ Kd5 64. Rb1 Kc4 65. Kh6 Kc3 66. Kg7 Rb7 67. Rh1 Kb4 68. Rb1 Kxa4 69. Rxb2 Rxb2 70. Kxf7 Kb5 71. Ke6 Re2+ 72. Kd5 Rf2 73. Ke6 Kc6 74. f7 1/2-1/2

[Event "GBR-ch111 Over 65"]
[Site "Liverpool"]
[Date "2025.08.04"]
[Round "1.25"]
[White "Prince, Alan R"]
[Black "Fegan, Chris"]
[Result "0-1"]
[WhiteElo "1791"]
[BlackElo "1994"]
[PlyCount "42"]
[EventDate "2025.08.04"]
[EventType "swiss"]
[EventRounds "7"]
[EventCountry "GBR"]
[SourceTitle "BritBase"]
[Source "John Saunders"]
[SourceDate "2025.08.11"]
[SourceVersion "1"]
[SourceVersionDate "2025.08.11"]
[SourceQuality "1"]

1. Nf3 c5 2. e4 d6 3. d3 Nf6 4. g3 g6 5. Bg2 Bg7 6. Nbd2 O-O 7. O-O Nc6 8. c3 e5 9. a3 Rb8 10. b4 b5 11. Bb2 Re8 12. Re1 a5 13. bxa5 Nxa5 14. d4 Nc4 15. Nxc4 bxc4 16. Qc2 Qb6 17. Rab1 exd4 18. cxd4 Rxe4 19. Red1 Bf5 20. Qxc4 d5 21. Qxc5 Re2 0-1

[Event "GBR-ch111 Over 65"]
[Site "Liverpool"]
[Date "2025.08.04"]
[Round "1.26"]
[White "Armstrong, William G"]
[Black "Giulian, Philip M"]
[Result "0-1"]
[WhiteElo "1875"]
[BlackElo "2075"]
[PlyCount "50"]
[EventDate "2025.08.04"]
[EventType "swiss"]
[EventRounds "7"]
[EventCountry "GBR"]
[SourceTitle "BritBase"]
[Source "John Saunders"]
[SourceDate "2025.08.11"]
[SourceVersion "1"]
[SourceVersionDate "2025.08.11"]
[SourceQuality "1"]

1. e4 Nf6 2. d3 d5 3. e5 Nfd7 4. f4 e6 5. Nf3 c5 6. Be2 Nc6 7. O-O Be7 8. Nbd2 b5 9. c4 bxc4 10. dxc4 Nb6 11. Kh1 Bb7 12. b3 Qd7 13. cxd5 Qxd5 14. Nc4 Rd8 15. Bb2 O-O 16. Qb1 Nb4 17. Rd1 Qe4 18. Qxe4 Bxe4 19. Nd6 Bxd6 20. exd6 N6d5 21. Ne1 Nxf4 22. Bf3 Bxf3 23. Nxf3 Nfd3 24. Rd2 Nxb2 25. Rxb2 Rxd6 0-1

[Event "GBR-ch111 Over 65"]
[Site "Liverpool"]
[Date "2025.08.04"]
[Round "1.27"]
[White "Clark, Robert G"]
[Black "Robinson, David"]
[Result "1/2-1/2"]
[WhiteElo "1991"]
[BlackElo "1784"]
[PlyCount "49"]
[EventDate "2025.08.04"]
[EventType "swiss"]
[EventRounds "7"]
[EventCountry "GBR"]
[SourceTitle "BritBase"]
[Source "John Saunders"]
[SourceDate "2025.08.11"]
[SourceVersion "1"]
[SourceVersionDate "2025.08.11"]
[SourceQuality "1"]

1. c4 e5 2. g3 Nf6 3. Bg2 c6 4. Nf3 e4 5. Nd4 d5 6. cxd5 cxd5 7. O-O Bc5 8. Nb3 Bb6 9. d4 O-O 10. Bg5 h6 11. Bxf6 Qxf6 12. Nc3 Qd8 13. e3 Nc6 14. a3 Bc7 15. Rc1 Na5 16. Nxa5 Bxa5 17. b4 Bb6 18. Qb3 Be6 19. Rc2 Rc8 20. Rfc1 Bc7 21. a4 Bb8 22. a5 Qd7 23. Na4 Rxc2 24. Qxc2 Rc8 25. Qxc8+ 1/2-1/2

[Event "GBR-ch111 Over 65"]
[Site "Liverpool"]
[Date "2025.08.04"]
[Round "1.28"]
[White "O'Mahoney, Mike J"]
[Black "Spanton, Tim R"]
[Result "0-1"]
[WhiteElo "1780"]
[BlackElo "1982"]
[PlyCount "68"]
[EventDate "2025.08.04"]
[EventType "swiss"]
[EventRounds "7"]
[EventCountry "GBR"]
[SourceTitle "BritBase"]
[Source "John Saunders"]
[SourceDate "2025.08.11"]
[SourceVersion "1"]
[SourceVersionDate "2025.08.11"]
[SourceQuality "1"]

1. d4 d5 2. e3 e6 3. Bd3 c5 4. c3 Nc6 5. f4 Bd6 6. Nf3 Bd7 7. Qe2 Nf6 8. g3 Ne4 9. Nbd2 f5 10. Ne5 Nxe5 11. fxe5 Be7 12. Nf3 g5 13. Ng1 O-O 14. Nh3 Be8 15. O-O Bg6 16. Bd2 a6 17. a4 Rc8 18. Bc1 Qe8 19. Qg2 Bh5 20. Be2 Bxe2 21. Qxe2 g4 22. Nf4 Ng5 23. Kg2 Qf7 24. Bd2 Qg7 25. Rh1 Rc6 26. h3 gxh3+ 27. Nxh3 Ne4 28. Be1 cxd4 29. cxd4 Bh4 30. Nf4 Nxg3 31. Bxg3 Qxg3+ 32. Kf1 Rfc8 33. Rd1 Rc2 34. Qxc2 Qf3+ 0-1

[Event "GBR-ch111 Over 65"]
[Site "Liverpool"]
[Date "2025.08.04"]
[Round "1.29"]
[White "Fletcher, John T"]
[Black "Tidmarsh, David A"]
[Result "1-0"]
[WhiteElo "1981"]
[BlackElo "1776"]
[PlyCount "61"]
[EventDate "2025.08.04"]
[EventType "swiss"]
[EventRounds "7"]
[EventCountry "GBR"]
[SourceTitle "BritBase"]
[Source "John Saunders"]
[SourceDate "2025.08.11"]
[SourceVersion "1"]
[SourceVersionDate "2025.08.11"]
[SourceQuality "1"]

1. d4 d5 2. e4 dxe4 3. Nc3 Nf6 4. f3 Bf5 5. fxe4 Nxe4 6. Qf3 Nxc3 7. bxc3 e6 8. Qxb7 Nd7 9. Nf3 Bd6 10. Bd3 Bxd3 11. cxd3 h6 12. O-O O-O 13. Be3 Qc8 14. Rab1 c5 15. Qxc8 Rfxc8 16. Rb7 Rd8 17. Nd2 f6 18. Ne4 cxd4 19. Bxd4 Bb8 20. Rfb1 e5 21. Bf2 f5 22. Ng3 g6 23. Ne2 Nb6 24. d4 e4 25. Bg3 Bxg3 26. Nxg3 Rdb8 27. Rxb8+ Rxb8 28. c4 Rd8 29. c5 Na4 30. Ne2 Rc8 31. Rb4 1-0

[Event "GBR-ch111 Over 65"]
[Site "Liverpool"]
[Date "2025.08.04"]
[Round "1.30"]
[White "Clancy, Martin J"]
[Black "Bonafont, Philip R"]
[Result "0-1"]
[WhiteElo "1765"]
[BlackElo "1978"]
[PlyCount "36"]
[EventDate "2025.08.04"]
[EventType "swiss"]
[EventRounds "7"]
[EventCountry "GBR"]
[SourceTitle "BritBase"]
[Source "John Saunders"]
[SourceDate "2025.08.11"]
[SourceVersion "1"]
[SourceVersionDate "2025.08.11"]
[SourceQuality "1"]

1. e4 c6 2. d4 d5 3. e5 c5 4. dxc5 e6 5. Be3 Nd7 6. Nf3 Bxc5 7. Bxc5 Nxc5 8. c4 Ne7 9. Nc3 O-O 10. Qd4 Qa5 11. Rb1 Nf5 12. Qd2 dxc4 13. Bxc4 Rd8 14. Qc2 Qb4 15. Rd1 Bd7 16. g4 Qxc4 17. gxf5 Bc6 18. Qe2 Qf4 0-1

[Event "GBR-ch111 Over 65"]
[Site "Liverpool"]
[Date "2025.08.04"]
[Round "1.31"]
[White "Hodge, Steve R"]
[Black "Barnes, David"]
[Result "1-0"]
[WhiteElo "1973"]
[BlackElo "1758"]
[PlyCount "85"]
[EventDate "2025.08.04"]
[EventType "swiss"]
[EventRounds "7"]
[EventCountry "GBR"]
[SourceTitle "BritBase"]
[Source "John Saunders"]
[SourceDate "2025.08.11"]
[SourceVersion "1"]
[SourceVersionDate "2025.08.11"]
[SourceQuality "1"]

1. e4 c5 2. Nf3 a6 3. c3 d5 4. exd5 Qxd5 5. d4 Nc6 6. Be2 cxd4 7. cxd4 e6 8. Nc3 Qd8 9. O-O Nf6 10. Be3 Be7 11. Qb3 O-O 12. Rfd1 Nb4 13. Ne5 Nbd5 14. Bg5 Qd6 15. Bf3 Rd8 16. Rac1 Rb8 17. Bh4 Qb4 18. Qc2 Bd7 19. a3 Qa5 20. Nc4 Qc7 21. Bxd5 exd5 22. Bxf6 Bxf6 23. Nxd5 Qc6 24. Nxf6+ Qxf6 25. Ne3 Qd6 26. Qc7 Bc6 27. Qxd6 Rxd6 28. d5 Ba4 29. Rd4 Be8 30. Rc7 Kf8 31. Kf1 Bc6 32. Ke2 Rbd8 33. Kd3 Bxd5 34. Nf5 R6d7 35. Rxd7 Rxd7 36. Ne3 Bc6 37. Rxd7 Bxd7 38. Kd4 Bc6 39. Kc5 Ke8 40. g3 g6 41. Nc4 Kd8 42. Kb6 Bd5 43. Nd6 1-0

[Event "GBR-ch111 Over 65"]
[Site "Liverpool"]
[Date "2025.08.04"]
[Round "1.32"]
[White "Tedd, Bernie"]
[Black "Wager, John D"]
[Result "1/2-1/2"]
[WhiteElo "1740"]
[BlackElo "1972"]
[PlyCount "128"]
[EventDate "2025.08.04"]
[EventType "swiss"]
[EventRounds "7"]
[EventCountry "GBR"]
[SourceTitle "BritBase"]
[Source "John Saunders"]
[SourceDate "2025.08.11"]
[SourceVersion "1"]
[SourceVersionDate "2025.08.11"]
[SourceQuality "1"]

1. e4 Nc6 2. f4 d5 3. exd5 Qxd5 4. Nc3 Qa5 5. Bb5 Bd7 6. Nf3 Nf6 7. O-O e6 8. Bxc6 Bxc6 9. Ne5 Rd8 10. d3 Bd6 11. Qe2 O-O 12. Nxc6 Qb6+ 13. Be3 Qxc6 14. Qf3 Qxf3 15. Rxf3 a6 16. Ne4 Be7 17. Bc5 Bxc5+ 18. Nxc5 Rd5 19. Ne4 Nxe4 20. dxe4 Rd4 21. Re1 Rfd8 22. Rf2 Kf8 23. e5 Ke7 24. g3 h5 25. Kg2 c5 26. Kf3 Kd7 27. Ree2 Kc6 28. c3 Rd3+ 29. Ke4 b5 30. f5 b4 31. fxe6 fxe6 32. Re3 Rxe3+ 33. Kxe3 bxc3 34. bxc3 Rd5 35. Ke4 Rd1 36. Rb2 g5 37. h4 Re1+ 38. Kf3 g4+ 39. Kf4 Kd5 40. Rd2+ Kc4 41. Rd6 Rf1+ 42. Ke4 Kxc3 43. Rxe6 a5 44. Rh6 c4 45. Rxh5 Kb2 46. e6 c3 47. Rxa5 c2 48. Rc5 c1=Q 49. Rxc1 Rxc1 50. Kf5 Rf1+ 51. Kxg4 Rf6 52. Kg5 Rxe6 53. g4 Kxa2 54. Kf5 Re1 55. h5 Rh1 56. Kg6 Kb3 57. h6 Kc4 58. g5 Kd5 59. h7 Ke6 60. Kg7 Kf5 61. g6 Kg5 62. Kf7 Rh2 63. Kg7 Rh1 64. Kf7 Rh2 1/2-1/2

[Event "GBR-ch111 Over 65"]
[Site "Liverpool"]
[Date "2025.08.04"]
[Round "1.33"]
[White "De Coverly, Roger D"]
[Black "Stinson, William James"]
[Result "1-0"]
[WhiteElo "1969"]
[BlackElo "1720"]
[PlyCount "89"]
[EventDate "2025.08.04"]
[EventType "swiss"]
[EventRounds "7"]
[EventCountry "GBR"]
[SourceTitle "BritBase"]
[Source "John Saunders"]
[SourceDate "2025.08.11"]
[SourceVersion "1"]
[SourceVersionDate "2025.08.11"]
[SourceQuality "1"]

1. e4 c6 2. d4 d5 3. e5 c5 4. dxc5 Nc6 5. Nf3 Bg4 6. c3 e6 7. b4 Bxf3 8. Qxf3 a6 9. Bf4 Nge7 10. Bd3 Ng6 11. Bxg6 hxg6 12. Nd2 b6 13. cxb6 Qxb6 14. O-O Rd8 15. a3 Be7 16. c4 g5 17. Bg3 f5 18. exf6 Bxf6 19. c5 Qb7 20. Rae1 e5 21. Qf5 Qd7 22. Qxd7+ Rxd7 23. f3 Kf7 24. Rb1 Rb8 25. Rfd1 Nd4 26. Kf2 Nc2 27. Nc4 Re8 28. Nd6+ Rxd6 29. cxd6 Nxa3 30. Rb3 Nc4 31. Rxd5 Ke6 32. d7 Rd8 33. Rbd3 Nb2 34. Rd6+ Ke7 35. R3d5 Nc4 36. Rc6 Nb2 37. Rxa6 Rxd7 38. Rxd7+ Kxd7 39. Ke2 Nc4 40. Kd3 Nd6 41. Bf2 Kc7 42. Bc5 Be7 43. Bxd6+ Bxd6 44. b5 Bc5 45. Rc6+ 1-0